000 00496nam a2200145Ia 4500
008 230917s9999||||xx |||||||||||||| ||und||
040 _e205453
_aMAIN
041 _aEnglish
082 _a891.43172 PK289S
100 _aपवन कुमार
245 0 _aस्वातंत्र्योत्तर पुराख्यानमूलक प्रबन्धकाव्यों मे दलित-विमर्श
260 _c2011
300 _a229 पृ. p.
942 _cTH
999 _c125707
_d125707